STN EN 196-3+A1: 2009 (72 2100) [neplatná], Metódy skúšania cementu Časť 3 Stanovenie času tuhnutia a objemovej stálosti (Konsolidovaný text)

Táto norma je slovenskou verziou európskej normy EN 196-3: 2005+A1: 2008. Preklad zabezpečil Slovenský ústav technickej normalizácie. Táto norma má rovnaké postavenie, ako majú oficiálne verzie

Bibliographic Details
Other Authors: Hraško, Jarolím (Translator)
Format: Book
Language:Slovak
English
PhysicalDescription:16 s. obr. 30 cm
Published: Bratislava Slovenský ústav technickej normalizácie 2009
Subjects:

MARC

LEADER 00000nam a2200000 a 4500
001 vtls009838909
003 SK-MaSNL
005 20260302080931.0
008 130117s2009 xo l f u 000 0 slo
015 |a SNBN2010/01-00090 
020 |c (cen. skup. 11) 
035 |a (SVKBBclas03)vtls000309779 
040 |a SNK  |b slo  |c SNK  |e AACR2 
041 1 |a slo  |h eng 
044 |a xo  |c SK 
046 |a m  |m 20090501 (účin.)  |n 20170501 (zruš.) 
072 7 |a 666  |x Sklárstvo. Keramika. Cement  |2 konspekt 
080 |a 666.94  |2 2001 
080 |a 006.7/.8  |2 2001 
080 |a (437.6) 2 2001  |2 1981 
080 |a (4)  |2 2001 
084 |a 91.100.10  |2 ICS 
130 0 |a STN 72 2100 (STN EN 196-3+A1) [neplatná]  |9 745803 
245 1 0 |a STN EN 196-3+A1: 2009 (72 2100) [neplatná], Metódy skúšania cementu  |n Časť 3  |p Stanovenie času tuhnutia a objemovej stálosti (Konsolidovaný text) 
246 1 0 |a Metódy skúšania cementu. Časť 3 
246 3 0 |a EN 196-3: 2005+A1: 2008 
246 1 0 |a Stanovenie času tuhnutia a objemovej stálosti (Konsolidovaný text) 
260 |a Bratislava  |b Slovenský ústav technickej normalizácie  |c 2009 
300 |a 16 s.  |b obr.  |c 30 cm 
500 |a Spracovateľ: Slovchem, Bratislava, Jarolím Hraško 
500 |a Táto norma nahrádza STN EN 196-3 z novembra 2005 v celom rozsahu 
500 |a Norma je od 1.5.2017 nahradená anglickou verziou normy STN EN 196-3 z mája 2017, ktorú nahradila slovenská verzia normy STN EN 196-3 z februára 2020 v celom rozsahu 
504 |a Citované normy, súvisiace právne predpisy s. 2 
520 8 |a Táto norma je slovenskou verziou európskej normy EN 196-3: 2005+A1: 2008. Preklad zabezpečil Slovenský ústav technickej normalizácie. Táto norma má rovnaké postavenie, ako majú oficiálne verzie 
540 |a STN vydané na akomkoľvek nosiči sa môžu rozmnožovať a rozširovať iba so súhlasom určenej právnickej osoby  |b SÚTN Bratislava  |c zákon 264/1999 Z. z. 
650 0 7 |a cement  |2 SVKBBPH  |9 17176 
650 0 7 |a technické normy a štandardy  |z Slovensko  |2 SVKBBPH  |9 79594 
650 0 7 |a technické normy a štandardy  |z krajiny Európskej únie  |2 SVKBBPH  |9 289341 
650 0 7 |a výroba cementu  |2 SVKBBPH  |9 325751 
650 0 7 |a tuhnutie cementu  |2 SVKBBPH  |9 325752 
655 7 |a normy  |2 SVKBBPH  |9 70643 
700 1 |a Hraško, Jarolím  |4 trl  |9 401498 
710 2 |a Slovenský ústav technickej normalizácie (Bratislava, Slovensko).  |b Technická komisia č. 40 Anorganické spojivá a malty  |4 stn  |9 314527 
774 1 8 |t STN EN 196-3: 2005  |d Bratislava: Slovenský ústav technickej normalizácie, 2005  |w vtls009882576 
774 1 8 |t STN EN 196-3: 2020  |d Bratislava : Úrad pre normalizáciu, metrológiu a skúšobníctvo Slovnskej republiky  |w vtls011915606 
958 |a OP 
958 |a NB 
999 |c 1174721  |d 1176651 
952 |a SNK  |b SNK  |y PREZ  |7 0  |p 17A0623192  |o snkSTN EN 196-3+A1  |i snk2009/10198  |8 0  |0 0  |1 0  |4 0  |d 2009-06-08  |l 0  |r 2026-02-24 21:18:31  |w 2026-02-24 
952 |a SNK  |b SNK  |y PREZ  |7 0  |p 17A0623193  |o snkSTN EN 196-3+A1 D1  |i snk2009/10199  |8 0  |0 0  |1 0  |4 0  |d 2009-06-08  |l 0  |r 2026-02-24 21:18:31  |w 2026-02-24